Hepatic medicine evidence and research.

Detalles Bibliográficos
Formato: Electrónico Seriadas
Lenguaje:inglés
Publicado: Auckland, NZ : Dove Medical Press : C2009-
Materias:
Acceso en línea:Full text available from Research Library: 01/01/2009 to present

MARC

LEADER 00000nas a2200000 a 4500
001 ssj0000399372
003 WaSeSS
005 20200512172242.0
006 m d
007 cr n
008 090708c20099999nz ar s 0 a0eng c
010 |a  2012243693 
016 7 |a 2520732-5  |2 DE-600 
016 7 |a 101544801  |2 DNLM 
022 |a 1179-1535  |l 1179-1535 
035 |a (WaSeSS)ssj0000399372 
037 |b Dove Medical Press Ltd., Beechfield House, Winterton Way, Macclesfield, SK11 0JL United Kingdom 
040 |a FQM  |b eng  |c FQM  |d FQM  |d HEBIS  |d OCLCQ  |d NTE  |d NLM  |d CUS  |d OCLCF  |d TXA  |d CUS  |d OCLCO  |d EUW  |d OCLCO  |d OCLCQ  |d OCLCO  |d OCLCQ  |d WT2  |d OCLCO  |d OCLCA  |d OCLCQ  |d AU@  |d OCLCA  |d UAB  |d OCLCQ  |d RDF  |d OCLCQ  |d WaSeSS 
042 |a pcc 
050 1 4 |a RC799  |b .H47 
060 1 0 |a W1 
210 1 |a Hepatic med evid res  |b (Online) 
210 1 0 |a Hepat Med  |2 dnlm 
222 0 |a Hepatic medicine: evidence and research  |b (Online) 
245 0 0 |a Hepatic medicine  |h [electronic resource] :  |b evidence and research. 
246 1 |a Hepat Med 
246 1 |a Evidence and research 
260 |a Auckland, NZ :  |b Dove Medical Press :  |b C2009- 
310 |a Annual 
362 1 |a Began with: Vol. 1 (2009). 
506 |a License restrictions may limit access. 
515 |a Articles added consectively to current annual volume. 
588 0 |a Vol. 1 (2009); title from PDF article running title (Dove Medical Press, viewed July 7, 2009). 
588 1 |a Vol. 5 (2013) (Dove Medical Press, viewed Oct. 19, 2012). 
650 0 |a Gastroenterology  |v Periodicals. 
650 1 2 |a Liver Diseases. 
650 2 2 |a Gastroenterology. 
650 2 2 |a Liver. 
650 7 |a Gastroenterology.  |2 fast  |0 (OCoLC)fst00938842 
655 0 |a Electronic journals. 
856 4 0 |z Full text available from Research Library: 01/01/2009 to present  |u https://search.proquest.com/publication/3933161